Electrotechnique Baccalauréat Professionnel ELEEC Tome 1 : (Record no. 54787)

MARC details
000 -LEADER
fixed length control field 00658nam a22001937a 4500
007 - PHYSICAL DESCRIPTION FIXED FIELD--GENERAL INFORMATION
fixed length control field 00
008 - FIXED-LENGTH DATA ELEMENTS--GENERAL INFORMATION
fixed length control field 160629b xxu||||| |||| 00| 0 eng d
020 ## - INTERNATIONAL STANDARD BOOK NUMBER
International Standard Book Number 978-2-7135-3300-6
040 ## - CATALOGING SOURCE
Original cataloging agency BUAC
Transcribing agency BUC
041 ## - LANGUAGE CODE
Language code of text/sound track or separate title Fre.
100 ## - MAIN ENTRY--PERSONAL NAME
Personal name Pajetta, Jean - Paul
245 ## - TITLE STATEMENT
Title Electrotechnique Baccalauréat Professionnel ELEEC Tome 1 :
Remainder of title Courant continu, magnétisme, machines tournantes à courant continu
Statement of responsibility, etc / par Jean - Paul Pajetta
260 ## - PUBLICATION, DISTRIBUTION, ETC. (IMPRINT)
Place of publication, distribution, etc Saint Quentin en Yvelines :
Name of publisher, distributor, etc Casteilla,
Date of publication, distribution, etc 2011
300 ## - PHYSICAL DESCRIPTION
Extent 136 p.
Dimensions 30 cm.
630 ## - SUBJECT ADDED ENTRY--UNIFORM TITLE
Uniform title SCIENCES APPLIQUEES -TECHNIQUES
650 ## - SUBJECT ADDED ENTRY--TOPICAL TERM
Topical term or geographic name as entry element ELECTROTECHNIQUE
651 ## - SUBJECT ADDED ENTRY--GEOGRAPHIC NAME
Geographic name Electronique : circuit
942 ## - ADDED ENTRY ELEMENTS (KOHA)
Item type Livre exclu du prêt
Source of classification or shelving scheme Dewey Decimal Classification
Holdings
Withdrawn status Lost status Damaged status Not for loan Location (home branch) Sublocation or collection (holding branch) Date acquired Source of acquisition Coded location qualifier Koha issues (times borrowed) Koha full call number Piece designation (barcode) Koha date last seen Copy number Price effective from Koha item type Source of classification or shelving scheme Shelving location
        Bibliothèque Universitaire Centrale Bibliothèque Universitaire Centrale 11/06/2015 Don ARES 16/367   621.3 PAJ 16-367BUC 29/06/2016 1 29/06/2016 Livre exclu du prêt    
        Bibliothèque Universitaire Centrale Bibliothèque Universitaire Centrale 02/03/2020 DON ARES 18/1004   621.3 PAJ 18-1004Buc 02/03/2020 2 02/03/2020 Livre exclu du prêt Dewey Decimal Classification  


© 2008, Bibliothèques de l'Université d'Abomey-Calavi

04 BP 789 Cotonou, Tél. : +229 21 36 01 01, Fax : +229 21 35 06 32

Courriel : bu@bu.uac.bj